[Event "Edmonton Ottosen op"]
[Site "Edmonton"]
[Date "2008.08.28"]
[Round "4"]
[White "Mrugala, David"]
[Black "Thomas, Bruce"]
[Result "1-0"]
[WhiteElo "2075"]
[BlackElo "1762"]
[PlyCount "95"]
[EventDate "2008.08.07"]
[EventType "swiss"]
[EventRounds "4"]
[EventCountry "CAN"]
[SourceTitle "EXT 2011"]
[Source "ChessBase"]
[SourceDate "2010.11.26"]
[SourceVersion "1"]
[SourceVersionDate "2010.11.26"]
[SourceQuality "1"]

1. c4 c5 2. Nc3 Nc6 3. Nf3 g6 4. g3 Bg7 5. Bg2 Nf6 6. a3 a6 7. Rb1 0-0 8. 0-0 d6 9. b4 Rb8 10. bxc5 dxc5 11. d3 Nd7 12. Bd2 Re8 13. Qc1 Nce5 14. Bf4 Nxf3+ 15. Bxf3 e5 16. Be3 b6 17. a4 Bb7 18. Bxb7 Rxb7 19. a5 Re6 20. axb6 Rexb6 21. Rxb6 Qxb6 22. Qd2 Qe6 23. Kg2 f5 24. f3 h5 25. Nd5 Qd6 26. Qa5 Kh7 27. Ra1 Ra7 28. Qd8 e4 29. Rb1 exf3+ 30. exf3 Qe6 31. Re1 Qf7 32. Bf2 Nf6 33. Nxf6+ Bxf6 34. Qb6 Rd7 35. Re6 Bd4 36. Rd6 Bxf2 37. Kxf2 Rb7 38. Qxc5 Rb2+ 39. Ke3 Qe7+ 40. Kd4 Re2 41. Kc3 Rxh2 42. Qd5 Qe1+ 43. Kd4 Qf2+ 44. Ke5 Qxg3+ 45. Kf6 Qh4+ 46. Kf7 Re2 47. Qb7 Qg5 48. Kf8+ 1-0

[Event "Canadian op"]
[Site "Edmonton"]
[Date "2005.07.16"]
[Round "9"]
[White "Thomas, Bruce"]
[Black "Dougherty, Michael J"]
[Result "0-1"]
[WhiteElo "1795"]
[BlackElo "2332"]
[PlyCount "38"]
[EventDate "2005.07.09"]
[EventType "swiss"]
[EventRounds "10"]
[EventCountry "CAN"]
[SourceTitle "CBM 107 Extra"]
[Source "ChessBase"]
[SourceDate "2005.09.01"]
[SourceVersion "1"]
[SourceVersionDate "2005.09.01"]
[SourceQuality "1"]

1. c4 e6 2. e4 c5 3. Nc3 Nc6 4. g3 g6 5. Bg2 Bg7 6. Nge2 Nge7 7. 0-0 0-0 8. d3 a6 9. Be3 Nd4 10. Rb1 Nec6 11. Qd2 b5 12. b3 Rb8 13. f4 Bb7 14. cxb5 axb5 15. e5 f5 16. Bxc6 dxc6 17. Bxd4 cxd4 18. Nd1 c5 19. Nf2 Qd5 0-1

[Event "Canadian op"]
[Site "Edmonton"]
[Date "2005.07.15"]
[Round "8"]
[White "Tang, Edward"]
[Black "Thomas, Bruce"]
[Result "1-0"]
[WhiteElo "2022"]
[BlackElo "1795"]
[PlyCount "113"]
[EventDate "2005.07.09"]
[EventType "swiss"]
[EventRounds "10"]
[EventCountry "CAN"]
[SourceTitle "CBM 107 Extra"]
[Source "ChessBase"]
[SourceDate "2005.09.01"]
[SourceVersion "1"]
[SourceVersionDate "2005.09.01"]
[SourceQuality "1"]

1. e4 e5 2. Nf3 Nc6 3. Bc4 Bc5 4. c3 Nf6 5. b4 Bb6 6. d3 h6 7. 0-0 0-0 8. a4 a5 9. b5 Ne7 10. Nxe5 d6 11. Nf3 Bg4 12. Bb3 Ng6 13. h3 Be6 14. Re1 Ne5 15. Bxe6 Nxf3+ 16. Qxf3 fxe6 17. Re2 Nd7 18. Qg3 Rf6 19. Nd2 Ne5 20. d4 Rg6 21. Qh2 Nd7 22. Nc4 Qe7 23. Ba3 Qf7 24. e5 d5 25. Nb2 c5 26. bxc6 bxc6 27. Nd3 Bd8 28. Qf4 Qe8 29. Rb2 Bg5 30. Qf3 Be7 31. Bxe7 Qxe7 32. Rb7 Rf8 33. Qe3 Kh7 34. Nc5 Rd8 35. Rab1 Qe8 36. Nd3 Rg5 37. Nf4 Nf8 38. Qd3+ Kh8 39. R1b2 Ng6 40. Nxg6+ Rxg6 41. Qa6 Rg5 42. Qxa5 Kh7 43. Qb6 Rc8 44. Rb8 Rxb8 45. Qxb8 Qg6 46. f3 Qd3 47. Qb3 Qe3+ 48. Rf2 Qe1+ 49. Rf1 Qg3 50. Qc2+ Kg8 51. Kh1 Rf5 52. a5 g5 53. a6 h5 54. a7 g4 55. a8Q+ Kg7 56. Qb7+ Kg6 57. Qc8 1-0

[Event "Canadian op"]
[Site "Edmonton"]
[Date "2005.07.10"]
[Round "2"]
[White "Klein, Felix"]
[Black "Thomas, Bruce"]
[Result "1-0"]
[WhiteElo "2123"]
[BlackElo "1795"]
[PlyCount "53"]
[EventDate "2005.07.09"]
[EventType "swiss"]
[EventRounds "10"]
[EventCountry "CAN"]
[SourceTitle "CBM 107 Extra"]
[Source "ChessBase"]
[SourceDate "2005.09.01"]
[SourceVersion "1"]
[SourceVersionDate "2005.09.01"]
[SourceQuality "1"]

1. e4 e6 2. d4 d5 3. Nc3 Nc6 4. e5 b6 5. Nf3 Bb7 6. Bb5 Qd7 7. 0-0 0-0-0 8. Qe2 Kb8 9. a4 Bb4 10. a5 Qc8 11. axb6 cxb6 12. Bd2 Bxc3 13. Bxc3 Nge7 14. Ra3 Qc7 15. Rfa1 h5 16. Bxc6 Nxc6 17. b4 Rc8 18. b5 Na5 19. Bxa5 bxa5 20. c3 Qb6 21. Qb2 Rc7 22. Ne1 Bc8 23. Nd3 Re8 24. Rxa5 Ree7 25. Nc5 f6 26. Ra6 Bxa6 27. Rxa6 1-0

[Event "Canadian op"]
[Site "Edmonton"]
[Date "2005.07.09"]
[Round "1"]
[White "Thomas, Bruce"]
[Black "Pradzinski, Stephanie"]
[Result "1-0"]
[WhiteElo "1795"]
[BlackElo "867"]
[PlyCount "55"]
[EventDate "2005.07.09"]
[EventType "swiss"]
[EventRounds "10"]
[EventCountry "CAN"]
[SourceTitle "CBM 107 Extra"]
[Source "ChessBase"]
[SourceDate "2005.09.01"]
[SourceVersion "1"]
[SourceVersionDate "2005.09.01"]
[SourceQuality "1"]

1. c4 e5 2. e4 Nf6 3. Nc3 Nc6 4. g3 Bb4 5. Bg2 0-0 6. Nge2 Bxc3 7. Nxc3 Na5 8. d3 c6 9. 0-0 d5 10. b4 Nxc4 11. dxc4 Nd7 12. exd5 cxd5 13. Nxd5 Nb6 14. Be4 f5 15. Bg2 Be6 16. Bb2 Nd7 17. Qe2 Qb8 18. Rad1 h6 19. f4 Re8 20. fxe5 Bxd5 21. Bxd5+ Kh8 22. Rxf5 g6 23. e6+ Kg8 24. exd7+ Kh7 25. Rf7+ Kg8 26. Re7+ Kf8 27. Rf1+ Qf4 28. Rxf4# 1-0